000 00613nam a2200205Ia 4500
008 240729s9999 xx 000 0 und d
022 _a2399-7656
245 0 _aJournal of Creative Music Systems
260 _aUnited Kingdom
260 _bUniversity of Huddersfield Press
650 _a Computer software
650 _a Electronic computers. Computer science
650 _a Instruments and machines
650 _a Mathematics
650 _a Music | Science
650 _aMusic and books on Music
856 _uhttps://doaj.org/toc/55118a1aec7d4d3a82dbeb8d7e3d0092
942 _2ddc
942 _cDOAJEJ
999 _c72076
_d72076
945 _a1
_bMadushi Gamage
_c1
_dMadushi Gamage